00610nam a2200193Ia 450000500170000000800410001702000180005804000180007604100080009408200260010210000200012824500950014825000120024326000460025530000290030165000430033065000220037365000210039520220715125315.0210716s2014 xx 000 0 und d a9788126551613 cAIMIT LIBRARY aeng a005.768 TANJ21bTANJ aTanner, John F. aAnalytics and dynamic customer strategy : bbig profits from big data /cBy John F Tanner. a1st ed. aNew Delhi :bWiley India Pvt Ltd ,c2014. axviii, 235p. ;c22.5 cm. aBig data and dynamic customer strategy aBig data strategy aBig data culture